| 000 | 01370cab a22002294i 4500 | ||
|---|---|---|---|
| 001 | 768714001 | ||
| 003 | CO-MdFUSB | ||
| 005 | 20230112105214.0 | ||
| 008 | 180626s1999 gt ||||| |||| 00| 0 spa d | ||
| 022 | _a1014-9341 | ||
| 040 |
_aCO-MdFUSB _bspa _cCO-MdFUSB _dCO-MdFUSB |
||
| 041 | _aspa | ||
| 100 | 1 |
_aReyes, George _eautor |
|
| 245 | 0 | 3 |
_aLa interpretación poética y los acercamientos históricos críticos _c/ George Reyes |
| 300 |
_aNúmero 25 (Julio - Diciembre, 1999), páginas 53-78 _c; 22 cm |
||
| 520 | _aEn contraste con las críticas de las fuentes y de las formas, las cuales fragmentan el texto y se concentran en la reconstrucción de su prehistoria, la interpretación poética analiza la forma final del texto, tomándola como una unidad literaria. Algunas de las ventajas que ofrece la interpretación poética para la comprensión y apreciación del texto ilustran mediante una comparación entre su acercamiento a Génesis 37:1-39:1 y el de las críticas mencionadas. | ||
| 630 | 0 | 7 |
_aBiblia. _pLibros Poéticos _xCrítica, interpretación, etc. |
| 630 | 0 | 7 |
_aBiblia. _pLibros históricos _xCrítica, interpretación, etc. |
| 773 | 0 |
_tKairós _049489 _961198 _gNúmero 25 (Julio - Diciembre, 1999), páginas 53-78 _qPágina 53 |
|
| 773 | 0 |
_049489 _981314 _gNúmero 25 (Julio - Diciembre, 1999), páginas 53-78 _qPágina 53 _tKairós |
|
| 942 | _cANA | ||
| 999 |
_c51229 _d51229 |
||